[Event "Benidorm op-A"]
[Site "Benidorm"]
[Date "2023.11.03"]
[Round "7"]
[White "Ibanez Aullana, Jose Ramon"]
[Black "Nava Pereda, Carlos"]
[Result "0-1"]
[WhiteElo "2198"]
[BlackElo "2182"]
[PlyCount "122"]
[EventDate "2023.10.29"]
[EventType "swiss"]
[EventRounds "9"]
[EventCountry "ESP"]
[SourceTitle "Mega2024 Update 01"]
[Source "Chessbase"]
[SourceDate "2023.11.12"]
[SourceVersion "1"]
[SourceVersionDate "2023.11.12"]
[SourceQuality "1"]

1. d4 Nf6 2. Nf3 e6 3. Bf4 d5 4. e3 Bd6 5. Bg3 0-0 6. Nbd2 c5 7. c3 Qc7 8. dxc5 Bxg3 9. hxg3 Qxc5 10. Bd3 Nc6 11. g4 g6 12. g5 Ng4 13. Nh2 Nxh2 14. Rxh2 e5 15. e4 d4 16. Nb3 Qe7 17. Qd2 dxc3 18. bxc3 a5 19. Nc1 Nd8 20. g3 Ne6 21. f4 exf4 22. gxf4 Nc5 23. Qe3 Bf5 24. e5 Nxd3+ 25. Nxd3 Rac8 26. Nf2 Rc4 27. Kf1 Rfc8 28. Nd1 Re4 29. Qg3 Rcc4 30. Rf2 Qc5 31. Rf3 Qb5 32. Kg1 Ra4 33. Ne3 Qb2 34. Rd1 Rxa2 35. Rd8+ Kg7 36. Qh4 Ra1+ 37. Nf1 Qb6+ 38. Rd4 Rxd4 39. cxd4 Qxd4+ 40. Qf2 Qxf2+ 41. Kxf2 b5 42. Rc3 b4 43. Rc7 Ra2+ 44. Ke3 a4 45. Rb7 Rb2 46. Ng3 Rb3+ 47. Kf2 Kf8 48. Rb8+ Ke7 49. Rb7+ Ke8 50. Nxf5 gxf5 51. e6 a3 52. exf7+ Kf8 53. Ra7 Rb2+ 54. Ke3 a2 55. Kd4 b3 56. g6 hxg6 57. Ke5 Rc2 58. Ra6 Kxf7 59. Ra7+ Ke8 60. Ke6 Rc6+ 61. Kd5 Rb6 0-1

[Event "ESP-ch Rapid"]
[Site "Linares"]
[Date "2023.08.19"]
[Round "5"]
[White "Ibanez Aullana, Jose Ramon"]
[Black "Khademalsharieh, Sarasadat"]
[Result "0-1"]
[WhiteElo "2252"]
[BlackElo "2488"]
[PlyCount "88"]
[EventDate "2023.08.19"]
[EventType "swiss (rapid)"]
[EventRounds "10"]
[EventCountry "ESP"]
[SourceTitle "CBM 215 Extra"]
[Source "ChessBase"]
[SourceDate "2023.09.30"]
[SourceVersion "1"]
[SourceVersionDate "2023.09.30"]
[SourceQuality "1"]

1. d4 Nf6 2. Nf3 e6 3. Bf4 c5 4. e3 b6 5. Bd3 Bb7 6. Nbd2 cxd4 7. exd4 Be7 8. c3 d6 9. h3 Nbd7 10. a4 a6 11. 0-0 0-0 12. Re1 Re8 13. c4 Bf8 14. Bg5 Qc7 15. a5 bxa5 16. Qa4 e5 17. Bxf6 Nxf6 18. d5 Qc8 19. Bf1 Be7 20. Nb3 Bd8 21. Nxa5 Bb6 22. Qb4 Nd7 23. Qd2 Rb8 24. b4 Ba8 25. Nb3 Qb7 26. Red1 Ba7 27. Ra4 Nc5 28. Na5 Qd7 29. Ra3 Ne4 30. Qc2 Nxf2 31. Rb1 e4 32. c5 dxc5 33. Nc6 exf3 34. Rxa6 Bxc6 35. dxc6 Nxh3+ 36. gxh3 cxb4+ 37. Kh1 Qd4 38. Bd3 b3 39. Qd2 Re2 40. c7 Rc8 41. Bxh7+ Kxh7 42. Qxd4 Bxd4 43. Rc6 b2 44. Rd1 Be5 0-1

[Event "Sunway Formentera op 2nd"]
[Site "Sant Ferran de ses Roques"]
[Date "2023.04.24"]
[Round "6"]
[White "Halmeenmaki, Tuomo"]
[Black "Ibanez Aullana, Jose Ramon"]
[Result "0-1"]
[WhiteElo "2114"]
[BlackElo "2292"]
[PlyCount "126"]
[EventDate "2023.04.18"]
[EventType "swiss"]
[EventRounds "10"]
[EventCountry "ESP"]
[SourceTitle "CBM 213 Extra"]
[Source "ChessBase"]
[SourceDate "2023.05.31"]
[SourceVersion "1"]
[SourceVersionDate "2023.05.31"]
[SourceQuality "1"]

1. c4 e6 2. Nf3 d5 3. g3 Nf6 4. Bg2 Be7 5. b3 a5 6. 0-0 a4 7. Na3 0-0 8. Bb2 c6 9. d3 Qa5 10. Qd2 Bb4 11. Qf4 Bc3 12. Bxc3 Qxc3 13. Qd2 Qxd2 14. Nxd2 Na6 15. d4 Nb4 16. Rfc1 Bd7 17. cxd5 exd5 18. e4 Rfe8 19. e5 Ng4 20. Rc3 Nh6 21. bxa4 Rxa4 22. Rb3 b6 23. Bf1 Rea8 24. Rab1 c5 25. dxc5 bxc5 26. Bb5 Rxa3 27. Bxd7 Rxa2 28. Nf3 Kf8 29. Nd4 Ke7 30. Bh3 Rd2 31. Nb5 Raa2 32. Nc3 Ra5 33. Kf1 f5 34. exf6+ Kxf6 35. Ne2 Raa2 36. Rf3+ Ke5 37. Nc3 Rac2 38. Re1+ Kd6 39. Re6+ Kc7 40. Nb5+ Kb7 41. Nd6+ Kb6 42. Nc4+ Kb5 43. Na3+ Ka4 44. Nxc2 Nxc2 45. Rb6 Ka5 46. Rb7 Ka6 47. Bc8 c4 48. Rc3 Ka5 49. Kg2 d4 50. Rxc2 Rxc2 51. Rxg7 d3 52. Bb7 c3 53. Be4 Rd2 54. Rc7 Kb4 55. Kf3 c2 56. Ke3 Rd1 57. Bxd3 c1Q+ 58. Rxc1 Rxc1 59. Bxh7 Ng4+ 60. Kf4 Rc4+ 61. Kg5 Nxh2 62. f4 Kc5 63. Bd3 Rc3 0-1

[Event "Benidorm op-A"]
[Site "Benidorm"]
[Date "2022.12.07"]
[Round "5"]
[White "Ibanez Aullana, Jose Ramon"]
[Black "Gavarrete, Nahun"]
[Result "1/2-1/2"]
[WhiteElo "2270"]
[BlackElo "2325"]
[PlyCount "48"]
[EventDate "2022.12.03"]
[EventType "swiss"]
[EventRounds "9"]
[EventCountry "ESP"]
[SourceTitle "CBM 211 Extra"]
[Source "ChessBase"]
[SourceDate "2023.01.31"]
[SourceVersion "1"]
[SourceVersionDate "2023.01.31"]
[SourceQuality "1"]

1. d4 Nf6 2. Nf3 g6 3. g3 Bg7 4. Bg2 0-0 5. 0-0 d6 6. c4 Nbd7 7. Nc3 e5 8. e4 c6 9. h3 Qb6 10. b3 exd4 11. Na4 Qc7 12. Nxd4 Re8 13. Re1 Nc5 14. Nc3 a5 15. Bf4 Qb6 16. Be3 a4 17. Rb1 axb3 18. axb3 Qb4 19. Bd2 Qb6 20. Be3 Qb4 21. Bd2 Qb6 22. Be3 Qb4 23. Bd2 Qb6 24. Be3 Qb4 1/2-1/2

[Event "Benidorm op-A"]
[Site "Benidorm"]
[Date "2022.12.06"]
[Round "4"]
[White "Nurgaliyev, Sauat"]
[Black "Ibanez Aullana, Jose Ramon"]
[Result "1/2-1/2"]
[WhiteElo "2150"]
[BlackElo "2270"]
[PlyCount "74"]
[EventDate "2022.12.03"]
[EventType "swiss"]
[EventRounds "9"]
[EventCountry "ESP"]
[SourceTitle "CBM 211 Extra"]
[Source "ChessBase"]
[SourceDate "2023.01.31"]
[SourceVersion "1"]
[SourceVersionDate "2023.01.31"]
[SourceQuality "1"]

1. e4 Nf6 2. e5 Ng8 3. d4 d6 4. f4 Nh6 5. Nf3 Bf5 6. Nc3 e6 7. Be3 Ng4 8. Bg1 h5 9. h3 Nh6 10. g3 dxe5 11. Nxe5 Nd7 12. Bg2 Nxe5 13. fxe5 c6 14. Be3 Bg6 15. g4 Be7 16. Qe2 Bh4+ 17. Kf1 f6 18. Ne4 fxe5 19. dxe5 Nf7 20. Bc5 Bxe4 21. Bxe4 Be7 22. Rd1 Qc7 23. Bd6 Nxd6 24. exd6 Bxd6 25. Bg6+ Kd7 26. Kg2 Rhf8 27. Rd3 Rad8 28. Rhd1 Ke7 29. Bf5 Be5 30. Re1 Rxd3 31. Bxd3 Bh2 32. Qxe6+ Kd8 33. Re3 Qd6 34. Qxd6+ Bxd6 35. gxh5 Re8 36. Rf3 Rf8 37. Rxf8+ Bxf8 1/2-1/2

[Event "La Nucia op 3rd"]
[Site "La Nucia"]
[Date "2022.10.14"]
[Round "7"]
[White "Guerrero Vargas, Andres Jesus"]
[Black "Ibanez Aullana, Jose Ramon"]
[Result "1-0"]
[WhiteElo "2298"]
[BlackElo "2287"]
[PlyCount "94"]
[EventDate "2022.10.09"]
[EventType "swiss"]
[EventRounds "9"]
[EventCountry "ESP"]
[SourceTitle "CBM 210 Extra"]
[Source "ChessBase"]
[SourceDate "2022.11.30"]
[SourceVersion "1"]
[SourceVersionDate "2022.11.30"]
[SourceQuality "1"]

1. Nf3 d5 2. d4 c5 3. Bf4 cxd4 4. c3 dxc3 5. Nxc3 e6 6. e4 Nf6 7. Bb5+ Nc6 8. 0-0 a6 9. Ba4 Bb4 10. exd5 exd5 11. Ne5 0-0 12. Nxc6 bxc6 13. Bxc6 Bg4 14. Qa4 Rc8 15. Qxb4 Rxc6 16. Bg5 Be6 17. Rfd1 h6 18. Be3 Rc4 19. Qa3 Qb8 20. h3 Qc8 21. Bd4 Bxh3 22. gxh3 Qxh3 23. Ne2 Qg4+ 24. Kf1 Re8 25. Qd3 Nh5 26. Rac1 Re6 27. b3 Rcc6 28. Bb2 Rxe2 29. Qxe2 Qh3+ 30. Ke1 Re6 31. Be5 Nf4 32. Rc8+ Kh7 33. Qc2+ Ng6 34. f4 f6 35. Kd2 Re7 36. Kc1 Qe3+ 37. Kb1 Qe4 38. Qxe4 dxe4 39. Bd6 Rd7 40. Kc1 e3 41. Re8 Nh4 42. Rxe3 Nf5 43. Red3 Kg6 44. b4 Nxd6 45. Rxd6 Rb7 46. a3 Kf5 47. Rd7 Ke4 1-0

[Event "Almansa op-A"]
[Site "Almansa"]
[Date "2022.08.11"]
[Round "4"]
[White "Ibanez Aullana, Jose Ramon"]
[Black "Gavarrete, Nahun"]
[Result "0-1"]
[WhiteElo "2293"]
[BlackElo "2323"]
[PlyCount "134"]
[EventDate "2022.08.10"]
[EventType "swiss"]
[EventRounds "8"]
[EventCountry "ESP"]
[SourceTitle "CBM 210 Extra"]
[Source "ChessBase"]
[SourceDate "2022.11.30"]
[SourceVersion "1"]
[SourceVersionDate "2022.11.30"]
[SourceQuality "1"]

1. d4 Nf6 2. c4 g6 3. Nc3 d5 4. cxd5 Nxd5 5. Bd2 Nb6 6. Nf3 Bg7 7. Bf4 0-0 8. Be5 Bxe5 9. Nxe5 Qd6 10. e3 N8d7 11. Nd3 e5 12. Nb5 Qe7 13. Nxc7 Rb8 14. dxe5 Nxe5 15. Nxe5 Qxe5 16. Nb5 Qxb2 17. Qd4 Qxd4 18. Nxd4 Bd7 19. Be2 Rfc8 20. 0-0 Na4 21. Bf3 Nc3 22. Ne2 Nxe2+ 23. Bxe2 b5 24. Rfc1 b4 25. Bc4 Kf8 26. Bd5 Ke7 27. Kf1 Rxc1+ 28. Rxc1 Rc8 29. Rb1 a5 30. Ke1 Rc5 31. Bb3 Be6 32. a3 Bf5 33. axb4 Rb5 34. Ra1 Rxb4 35. Bd1 Rb5 36. Ra4 Be6 37. Ra3 Kd6 38. Rc3 Rc5 39. Rd3+ Kc7 40. Kd2 Rd5 41. e4 Rxd3+ 42. Kxd3 Kb6 43. Ba4 Kc5 44. Kc3 g5 45. Be8 f6 46. Ba4 Bf7 47. f3 Bh5 48. Bd7 Kd6 49. Ba4 Ke5 50. Kd3 Bg6 51. Ke3 f5 52. exf5 Bxf5 53. h3 h6 54. Kf2 Kd4 55. Ke2 Bd3+ 56. Kf2 Kc3 57. f4 gxf4 58. Kf3 Kb4 59. Bd1 Bc4 60. Kxf4 Bb3 61. Bxb3 Kxb3 62. Kf5 a4 63. Kg6 a3 64. h4 a2 65. Kxh6 a1Q 66. h5 Qh8+ 67. Kg6 Qg8+ 0-1

[Event "Benidorm op-A"]
[Site "Benidorm"]
[Date "2021.12.10"]
[Round "7"]
[White "Ibanez Aullana, Jose Ramon"]
[Black "Kuling, Lody"]
[Result "1/2-1/2"]
[WhiteElo "2291"]
[BlackElo "2240"]
[PlyCount "80"]
[EventDate "2021.12.04"]
[EventType "swiss"]
[EventRounds "9"]
[EventCountry "ESP"]
[SourceTitle "CBM 205 Extra"]
[Source "ChessBase"]
[SourceDate "2022.01.31"]
[SourceVersion "1"]
[SourceVersionDate "2022.01.31"]
[SourceQuality "1"]

1. d4 f5 2. Qd3 d5 3. Nf3 Nf6 4. Bf4 e6 5. h3 Bd6 6. Ne5 Ne4 7. h4 Nd7 8. f3 Bxe5 9. dxe5 Nec5 10. Qd4 0-0 11. c4 dxc4 12. Qxc4 b6 13. b4 b5 14. Qd4 Na4 15. e3 a6 16. Nd2 c5 17. bxc5 Ndxc5 18. Nb3 Nxb3 19. axb3 Qxd4 20. exd4 Nb6 21. Bg5 Re8 22. h5 h6 23. Bh4 Bb7 24. Kd2 Kf7 25. Rg1 Rec8 26. Bd3 Bd5 27. Rab1 b4 28. g4 f4 29. g5 hxg5 30. Bxg5 Rc3 31. h6 gxh6 32. Bf6 Rg8 33. Rxg8 Kxg8 34. Rg1+ Kf8 35. Rg7 Bxb3 36. Bg6 Nc4+ 37. Ke2 Bc2 38. Rf7+ Kg8 39. Rg7+ Kf8 40. Rf7+ Kg8 1/2-1/2

[Event "Benidorm op-A"]
[Site "Benidorm"]
[Date "2021.12.09"]
[Round "6"]
[White "Granero Roca, Antonio"]
[Black "Ibanez Aullana, Jose Ramon"]
[Result "1/2-1/2"]
[WhiteElo "2352"]
[BlackElo "2291"]
[PlyCount "71"]
[EventDate "2021.12.04"]
[EventType "swiss"]
[EventRounds "9"]
[EventCountry "ESP"]
[SourceTitle "CBM 205 Extra"]
[Source "ChessBase"]
[SourceDate "2022.01.31"]
[SourceVersion "1"]
[SourceVersionDate "2022.01.31"]
[SourceQuality "1"]

1. d4 Nf6 2. c4 g6 3. Nc3 d5 4. cxd5 Nxd5 5. Bd2 Bg7 6. e4 Nxc3 7. Bxc3 0-0 8. Nf3 c5 9. d5 e6 10. Be2 exd5 11. exd5 Nd7 12. 0-0 Nb6 13. Rc1 Qxd5 14. Bxg7 Kxg7 15. Qxd5 Nxd5 16. Rxc5 Nf4 17. Bc4 Be6 18. Bxe6 Nxe6 19. Rc3 Rfd8 20. g3 Rd5 21. Rfc1 Rad8 22. Kf1 g5 23. h3 R8d6 24. Rb3 b6 25. Rbc3 h5 26. Rc4 Rf5 27. R1c3 Rd1+ 28. Kg2 Rb1 29. Rc2 Rb5 30. b3 Rd5 31. Rc1 Rxc1 32. Rxc1 g4 33. hxg4 hxg4 34. Nh2 f5 35. Rc2 Rd1 36. f3 1/2-1/2

[Event "La Nucia op"]
[Site "La Nucia"]
[Date "2021.10.07"]
[Round "2"]
[White "Ibanez Aullana, Jose Ramon"]
[Black "Iniyan, Panneerseluam"]
[Result "0-1"]
[WhiteElo "2283"]
[BlackElo "2529"]
[PlyCount "98"]
[EventDate "2021.10.06"]
[EventType "swiss"]
[EventRounds "9"]
[EventCountry "ESP"]
[SourceTitle "CBM 204 Extra"]
[Source "ChessBase"]
[SourceDate "2021.11.30"]
[SourceVersion "1"]
[SourceVersionDate "2021.11.30"]
[SourceQuality "1"]

1. c4 Nf6 2. Nc3 g6 3. e4 e5 4. f4 exf4 5. d4 Nh5 6. Be2 Qh4+ 7. Kf1 c6 8. Bxh5 gxh5 9. Nf3 Qg4 10. h3 Qg6 11. Bxf4 d6 12. Qd2 Na6 13. Re1 f6 14. e5 fxe5 15. dxe5 Be6 16. exd6 0-0-0 17. Ne5 Qg7 18. Ne4 Rg8 19. g4 hxg4 20. hxg4 Bxg4 21. Kf2 Nc5 22. Nxc5 Bxd6 23. Qe3 Rgf8 24. Ncd3 Bf5 25. Rhg1 Qe7 26. Nf3 Qxe3+ 27. Rxe3 Bxd3 28. Bxd6 Rxd6 29. Rd1 Rfd8 30. c5 Rd5 31. b4 Bg6 32. Rxd5 Rxd5 33. Kg3 a5 34. a3 Kb8 35. Ne5 Rd4 36. Rb3 Be4 37. bxa5 Ra4 38. Rb4 Rxa3+ 39. Kf4 Bd5 40. Nd7+ Kc7 41. Nf6 Rxa5 42. Nxd5+ cxd5 43. Ke5 Rxc5 44. Rh4 h5 45. Rf4 b5 46. Rf6 b4 47. Kd4 Rb5 48. Rf2 b3 49. Rb2 h4 0-1

[Event "EU-Cup 36th"]
[Site "Struga"]
[Date "2021.09.23"]
[Round "6.4"]
[White "Ibanez Aullana, Jose Ramon"]
[Black "Kanyamarala, Trisha"]
[Result "1/2-1/2"]
[WhiteElo "2269"]
[BlackElo "2093"]
[PlyCount "199"]
[EventDate "2021.09.18"]
[EventType "team-swiss"]
[EventRounds "7"]
[EventCountry "MKD"]
[SourceTitle "CBM 204 Extra"]
[Source "ChessBase"]
[SourceDate "2021.11.30"]
[SourceVersion "1"]
[SourceVersionDate "2021.11.30"]
[SourceQuality "1"]
[WhiteTeam "Andreu Paterna"]
[BlackTeam "Gonzaga"]
[WhiteTeamCountry "ESP"]
[BlackTeamCountry "IRL"]

1. Nf3 d5 2. g3 Nd7 3. d4 Nb6 4. Bg2 Bf5 5. 0-0 e6 6. b3 c6 7. Bb2 Nf6 8. e3 h6 9. Nbd2 Be7 10. Ne5 0-0 11. c4 a5 12. a3 Nfd7 13. Qe2 Qc7 14. Rac1 Rad8 15. f4 Bh7 16. e4 dxe4 17. Bxe4 Bxe4 18. Nxe4 c5 19. Nd3 Nc8 20. f5 cxd4 21. Bxd4 e5 22. f6 exd4 23. Qg4 Nxf6 24. Nxf6+ Bxf6 25. Rxf6 Qe7 26. Rf3 Qxa3 27. Rcf1 Qe7 28. Nf4 Qg5 29. Qh3 Rde8 30. Qd7 Re7 31. Qxd4 Qe5 32. Qxe5 Rxe5 33. Ng6 Ree8 34. Nxf8 Rxf8 35. Rd1 Ne7 36. Rd7 Nc6 37. Rxb7 Ne5 38. Re3 f6 39. Ra7 Rd8 40. Rxa5 Rd1+ 41. Kg2 Rd2+ 42. Kh3 Nf7 43. Re8+ Kh7 44. Re7 Ng5+ 45. Kg4 Kg6 46. Rxg5+ hxg5 47. Kf3 Rxh2 48. Re2 g4+ 49. Ke3 Rxe2+ 50. Kxe2 Kf7 51. b4 Ke6 52. Ke3 g5 53. c5 f5 54. c6 Kd6 55. b5 Kc7 56. Kd4 f4 57. Kc5 fxg3 58. b6+ Kb8 59. Kd6 g2 60. c7+ Kb7 61. Kd7 g1Q 62. c8Q+ Kxb6 63. Qd8+ Kc5 64. Qxg5+ Kd4 65. Qf4+ Kd3 66. Qf5+ Ke2 67. Qe4+ Kd2 68. Qf4+ Kc3 69. Ke6 g3 70. Qe5+ Kd2 71. Qb2+ Kd3 72. Qb3+ Ke2 73. Qc4+ Kf2 74. Kf5 Qf1 75. Qd4+ Kg2+ 76. Kg4 Qf3+ 77. Kh4 Kh2 78. Qe5 Qf2 79. Kg4 Kg2 80. Qd5+ Kg1 81. Qd1+ Kh2 82. Qd6 Qe2+ 83. Kh4 Qe4+ 84. Kg5 Kg2 85. Qd2+ Kf1 86. Qd1+ Kf2 87. Qd2+ Kf3 88. Qd1+ Qe2 89. Qd5+ Kf2 90. Qf5+ Kg1 91. Qb1+ Qf1 92. Qb6+ Kh2 93. Qd6 Qc4 94. Kh5 Qe4 95. Kg5 Kh3 96. Qd7+ Kg2 97. Qd2+ Kh1 98. Qd1+ Kg2 99. Qd2+ Kh3 100. Qd7+ 1/2-1/2

[Event "EU-Cup 36th"]
[Site "Struga"]
[Date "2021.09.18"]
[Round "1.2"]
[White "Matlakov, Maxim"]
[Black "Ibanez Aullana, Jose Ramon"]
[Result "1/2-1/2"]
[WhiteElo "2683"]
[BlackElo "2269"]
[PlyCount "73"]
[EventDate "2021.09.18"]
[EventType "team-swiss"]
[EventRounds "7"]
[EventCountry "MKD"]
[SourceTitle "CBM 204 Extra"]
[Source "ChessBase"]
[SourceDate "2021.11.30"]
[SourceVersion "1"]
[SourceVersionDate "2021.11.30"]
[SourceQuality "1"]
[WhiteTeam "Mednyi Vsadnik"]
[BlackTeam "Andreu Paterna"]
[WhiteTeamCountry "RUS"]
[BlackTeamCountry "ESP"]

1. e4 Nf6 2. e5 Nd5 3. d4 d6 4. Nf3 dxe5 5. Nxe5 c6 6. Be2 Nd7 7. Nf3 g6 8. 0-0 Bg7 9. c4 N5f6 10. Nc3 0-0 11. h3 Qc7 12. Bg5 e5 13. d5 e4 14. Nd2 Re8 15. Re1 Nc5 16. Bf1 Bf5 17. g4 Bd7 18. Rc1 Nd3 19. Bxd3 exd3 20. Qf3 Rxe1+ 21. Rxe1 Re8 22. Rxe8+ Nxe8 23. Qxd3 f5 24. dxc6 bxc6 25. Bf4 Qc8 26. g5 Nc7 27. Nf3 Ne6 28. Bd2 Qc7 29. b4 Be8 30. c5 Qd7 31. Qxd7 Bxd7 32. Ne2 Bc8 33. Nf4 Nxf4 34. Bxf4 Be6 35. Be5 Bd5 36. Bxg7 Bxf3 37. Be5 1/2-1/2

[Event "Valencia Cuna op"]
[Site "Valencia"]
[Date "2021.07.21"]
[Round "4"]
[White "Espinosa Aranda, Angel"]
[Black "Ibanez Aullana, Jose Ramon"]
[Result "1-0"]
[WhiteElo "2479"]
[BlackElo "2281"]
[PlyCount "73"]
[EventDate "2021.07.19"]
[EventType "swiss"]
[EventRounds "9"]
[EventCountry "ESP"]
[SourceTitle "CBM 203 Extra"]
[Source "ChessBase"]
[SourceDate "2021.09.30"]
[SourceVersion "1"]
[SourceVersionDate "2021.09.30"]
[SourceQuality "1"]

1. e4 Nf6 2. e5 Nd5 3. d4 d6 4. c4 Nb6 5. exd6 cxd6 6. Nc3 g6 7. h3 Bg7 8. Nf3 0-0 9. Be2 Nc6 10. 0-0 Bf5 11. Be3 d5 12. g4 Bc8 13. b3 e6 14. Rc1 f5 15. Bg5 Bf6 16. Bxf6 Qxf6 17. g5 Qd8 18. c5 Nd7 19. h4 f4 20. Re1 Ne7 21. Qd2 Nc6 22. Bf1 Ndb8 23. Nb5 b6 24. Nd6 bxc5 25. dxc5 Bd7 26. Bh3 Na6 27. Ne5 Nxe5 28. Rxe5 Nc7 29. c6 Bc8 30. Nxc8 Qxc8 31. Rce1 Qd8 32. Rxe6 Rf7 33. Qd4 f3 34. R6e3 Qf8 35. Qe5 Rd8 36. Bd7 d4 37. Rd3 1-0

[Event "Alicante Easter op 5th"]
[Site "Alicante"]
[Date "2021.04.03"]
[Round "7"]
[White "Movsziszian, Karen"]
[Black "Ibanez Aullana, Jose Ramon"]
[Result "1-0"]
[WhiteElo "2471"]
[BlackElo "2276"]
[PlyCount "61"]
[EventDate "2021.03.31"]
[EventType "swiss"]
[EventRounds "9"]
[EventCountry "ESP"]
[SourceTitle "CBM 201 Extra"]
[Source "ChessBase"]
[SourceDate "2021.05.31"]
[SourceVersion "1"]
[SourceVersionDate "2021.05.31"]
[SourceQuality "1"]

1. g3 d5 2. Nf3 c6 3. Bg2 Bg4 4. b3 Nd7 5. Bb2 e6 6. 0-0 Bh5 7. d3 f5 8. c4 h6 9. Nbd2 Ngf6 10. Nd4 Bf7 11. cxd5 cxd5 12. e4 fxe4 13. dxe4 Be7 14. exd5 exd5 15. Qe2 0-0 16. Ne6 Qe8 17. Nc7 Qd8 18. Nxa8 Bd6 19. Nf3 Qxa8 20. Nd4 Re8 21. Qc2 Rc8 22. Qd2 Qb8 23. Rfe1 Re8 24. Nf5 Bf8 25. Rxe8 Qxe8 26. Re1 Qd8 27. Ne3 Ne4 28. Bxe4 dxe4 29. Rd1 Be6 30. Qd4 Qf6 31. Qxd7 1-0

[Event "Alicante Easter op 5th"]
[Site "Alicante"]
[Date "2021.04.02"]
[Round "5"]
[White "Ibanez Aullana, Jose Ramon"]
[Black "Guardiola Guillot, Lucas"]
[Result "1-0"]
[WhiteElo "2276"]
[BlackElo "2017"]
[PlyCount "101"]
[EventDate "2021.03.31"]
[EventType "swiss"]
[EventRounds "9"]
[EventCountry "ESP"]
[SourceTitle "CBM 201 Extra"]
[Source "ChessBase"]
[SourceDate "2021.05.31"]
[SourceVersion "1"]
[SourceVersionDate "2021.05.31"]
[SourceQuality "1"]

1. e4 e6 2. d4 d5 3. Nc3 Bb4 4. e5 c5 5. a3 Bxc3+ 6. bxc3 Nc6 7. a4 f6 8. Nf3 fxe5 9. dxe5 Qc7 10. Bb5 Bd7 11. 0-0 Nge7 12. c4 a6 13. cxd5 Nxd5 14. Bc4 Nb6 15. Bd3 0-0-0 16. Re1 Be8 17. Ng5 Qd7 18. Qg4 h6 19. Nf3 Qe7 20. Bb2 Nb4 21. a5 Na4 22. Bc1 Nc3 23. Ra3 Nxd3 24. cxd3 Nb5 25. Rb3 Bc6 26. Be3 Rhf8 27. Rc1 Bxf3 28. gxf3 Nd4 29. Bxd4 Rxd4 30. Qxd4 Qg5+ 31. Qg4 Qxc1+ 32. Kg2 Rf5 33. h4 Qf4 34. Rc3 Qxg4+ 35. fxg4 Rxe5 36. d4 Rd5 37. Rxc5+ Kd7 38. Rxd5+ exd5 39. Kf3 Kc6 40. Kf4 b5 41. axb6 a5 42. Ke3 g5 43. hxg5 hxg5 44. Kd3 a4 45. Kc3 Kxb6 46. Kb4 a3 47. Kxa3 Kb5 48. Kb3 Ka5 49. Kc3 Kb5 50. f4 gxf4 51. g5 1-0

[Event "El Prat de Llobregat op-A 1st"]
[Site "El Prat de Llobregat"]
[Date "2019.12.03"]
[Round "1"]
[White "Lagarde, Maxime"]
[Black "Ibanez Aullana, Jose Ramon"]
[Result "1-0"]
[WhiteElo "2655"]
[BlackElo "2328"]
[PlyCount "133"]
[EventDate "2019.12.03"]
[EventType "swiss"]
[EventRounds "9"]
[EventCountry "ESP"]
[SourceTitle "CBM 193 Extra"]
[Source "ChessBase"]
[SourceDate "2020.01.31"]
[SourceVersion "1"]
[SourceVersionDate "2020.01.31"]
[SourceQuality "1"]

1. e4 Nf6 2. e5 Nd5 3. d4 d6 4. Nf3 Bg4 5. Be2 e6 6. 0-0 Be7 7. c4 Nb6 8. Be3 0-0 9. Nc3 dxe5 10. Nxe5 Bxe2 11. Qxe2 N6d7 12. Rad1 Nxe5 13. dxe5 Qc8 14. Qg4 Rd8 15. Bh6 Bf8 16. Ne4 Nc6 17. Bf4 Be7 18. h4 Kh8 19. h5 f5 20. exf6 gxf6 21. Rxd8+ Qxd8 22. Qxe6 Nd4 23. Qg4 Qg8 24. Qxg8+ Kxg8 25. Bxc7 Ne2+ 26. Kh2 Rc8 27. Re1 Rxc7 28. Rxe2 Rxc4 29. g4 Kf7 30. Kg3 Ra4 31. b3 Ra5 32. Kf4 Rd5 33. Rd2 Rb5 34. Ng3 Ke8 35. Nf5 Ba3 36. Rc2 Kd7 37. Ne3 Bd6+ 38. Ke4 Re5+ 39. Kf3 Bc5 40. Nc4 Rg5 41. Kg3 b5 42. Rd2+ Kc6 43. f4 Rg7 44. Nb2 Ba3 45. Nd3 Kd5 46. Kf3 Rc7 47. g5 fxg5 48. fxg5 Rf7+ 49. Nf4+ Kc6 50. g6 hxg6 51. hxg6 Rg7 52. Rg2 Rg8 53. Nh5 Be7 54. g7 a5 55. Kf4 Kc5 56. Kf5 Bf8 57. Rg4 Bxg7 58. Nxg7 Rf8+ 59. Ke5 Rf2 60. Ne6+ Kb6 61. a4 bxa4 62. bxa4 Rb2 63. Kd5 Rb1 64. Rg6 Rd1+ 65. Nd4+ Ka7 66. Kc5 Kb7 67. Nb3 1-0

[Event "Vienna op"]
[Site "Vienna"]
[Date "2019.08.18"]
[Round "3"]
[White "Mesaros, Florian"]
[Black "Ibanez Aullana, Jose Ramon"]
[Result "1-0"]
[WhiteElo "2420"]
[BlackElo "2316"]
[PlyCount "111"]
[EventDate "2019.08.17"]
[EventType "swiss"]
[EventRounds "9"]
[EventCountry "AUT"]
[SourceTitle "EXT 2020"]
[Source "ChessBase"]
[SourceDate "2019.10.17"]
[SourceVersion "1"]
[SourceVersionDate "2019.10.17"]
[SourceQuality "1"]

1. d4 Nf6 2. c4 d6 3. Nc3 e5 4. Nf3 exd4 5. Nxd4 g6 6. g3 Bd7 7. Bg2 Nc6 8. Nc2 Bg7 9. 0-0 0-0 10. b3 Rb8 11. Bb2 a6 12. a4 a5 13. Qd2 Re8 14. Rac1 Be6 15. Rfe1 Nd7 16. Rb1 Nc5 17. Ba1 Bf5 18. e4 Be6 19. Re3 f5 20. Nd5 Bxa1 21. Rxa1 fxe4 22. Bxe4 Ne5 23. Bg2 Ng4 24. Rc3 c6 25. Nf4 Qf6 26. Rf3 Bf5 27. Nd4 Be4 28. Nd5 Qg7 29. Rf4 Bxg2 30. Kxg2 cxd5 31. Rxg4 Re4 32. Rxe4 Nxe4 33. Qd3 Nc5 34. Qd1 dxc4 35. bxc4 Rf8 36. Nb5 Qf7 37. Qd5 Qxd5+ 38. cxd5 Rf6 39. Rc1 Rxf2+ 40. Kxf2 Nd3+ 41. Ke3 Nxc1 42. Nxd6 b6 43. Kd4 Kf8 44. Nc8 b5 45. axb5 a4 46. b6 a3 47. Kc3 Nd3 48. Kb3 Ke8 49. Nd6+ Kd7 50. Nb5 Kc8 51. Nxa3 Kb7 52. Nc4 h5 53. Ka4 Ka6 54. Kb3 g5 55. Kc3 Nf2 56. d6 1-0

[Event "Lanzarote op"]
[Site "Lanzarote"]
[Date "2019.06.25"]
[Round "2"]
[White "Ibanez Aullana, Jose Ramon"]
[Black "Martin Fernandez, Antonio"]
[Result "1-0"]
[WhiteElo "2325"]
[BlackElo "1685"]
[PlyCount "69"]
[EventDate "2019.06.24"]
[EventType "swiss"]
[EventRounds "9"]
[EventCountry "ESP"]
[SourceTitle "CBM 191 Extra"]
[Source "ChessBase"]
[SourceDate "2019.09.30"]
[SourceVersion "1"]
[SourceVersionDate "2019.09.30"]
[SourceQuality "1"]

1. Nf3 Nf6 2. g3 d5 3. Bg2 e6 4. 0-0 Be7 5. d3 c5 6. Nbd2 Nc6 7. e4 dxe4 8. dxe4 Qc7 9. Re1 e5 10. c3 0-0 11. Qc2 Re8 12. Nc4 Bf8 13. Bg5 Kh8 14. Ne3 Ne7 15. Rad1 Be6 16. Nh4 Rad8 17. Bxf6 gxf6 18. Nd5 Nxd5 19. exd5 Bg4 20. Bf3 Bxf3 21. Nxf3 Bg7 22. Nh4 Rg8 23. Nf5 Qd7 24. Qe4 Bf8 25. Re3 Rg6 26. Rf3 Bh6 27. h3 Rdg8 28. Kh2 Bf8 29. d6 Rg5 30. Rd5 b6 31. a3 R5g6 32. b4 cxb4 33. axb4 b5 34. Rc5 Bxd6 35. Rd5 1-0